Central Library OPAC University of Rajshahi
Normal view MARC view

Entry Topical Term

Number of records used in: 2

001 - CONTROL NUMBER

  • control field: 15127

003 - CONTROL NUMBER IDENTIFIER

  • control field: BD-RjUL

005 - DATE AND TIME OF LATEST TRANSACTION

  • control field: 20250304152017.0

008 - FIXED-LENGTH DATA ELEMENTS

  • fixed length control field: 250304|| aca||aabn | a|a d

040 ## - CATALOGING SOURCE

  • Original cataloging agency: BD-RjUL
  • Transcribing agency: BD-RjUL

150 ## - HEADING--TOPICAL TERM

  • Topical term or geographic name entry element: Allah

670 ## - SOURCE DATA FOUND

  • Source citation: Work cat.: (BD-RjUL)84747: চল্লিশজন সেরা বিজ্ঞানীর দৃষ্টিতে আল্লাহর অস্তিত্ব /, ১৯৬৬